Central Library OPAC University of Rajshahi

Abortion in context : (Record no. 614)

MARC details
000 -LEADER
fixed length control field 00729cam a2200241 4500
001 - CONTROL NUMBER
control field 614
003 - CONTROL NUMBER IDENTIFIER
rucl marc code BD-RjUL
005 - DATE AND TIME OF LATEST TRANSACTION
control field 20211208233216.0
008 - FIXED-LENGTH DATA ELEMENTS--GENERAL INFORMATION
fixed length control field 161127s1970 nju b 001 0 eng
020 ## - INTERNATIONAL STANDARD BOOK NUMBER
International Standard Book Number 0810803372
035 ## - SYSTEM CONTROL NUMBER
System control number (BD-RjUL)632
040 ## - CATALOGING SOURCE
Original cataloging agency DLC
Transcribing agency DLC
Modifying agency DLC
-- BD-RjUL
Language of cataloging eng
041 ## - LANGUAGE CODE
Language code of text/sound track or separate title eng
082 00 - DEWEY DECIMAL CLASSIFICATION NUMBER
Classification number 016.304667
Author mark and year DOA 1970
100 1# - MAIN ENTRY--PERSONAL NAME
Personal name Dollen, Charles.
9 (RLIN) 1877
245 10 - TITLE STATEMENT
Title Abortion in context :
Remainder of title a select bibliography /
Statement of responsibility, etc. Compiled by Charles Dollen.
260 ## - PUBLICATION, DISTRIBUTION, ETC. (IMPRINT)
Place of publication, distribution, etc. Metuchen, N.J. :
Name of publisher, distributor, etc. Scarecrow Press,
Date of publication, distribution, etc. c1970.
300 ## - PHYSICAL DESCRIPTION
Pagination vii, 9-150 p. ;
Size 22 cm.
650 #0 - SUBJECT ADDED ENTRY--TOPICAL TERM
Topical term or geographic name as entry element Birth control
General subdivision Bibliography.
9 (RLIN) 1878
Topical term or geographic name as entry element Contraception
General subdivision Bibliography.
9 (RLIN) 1879
Topical term or geographic name as entry element Abortion
General subdivision Bibliography.
9 (RLIN) 1880
942 ## - ADDED ENTRY ELEMENTS (KOHA)
Source of classification or shelving scheme Dewey Decimal Classification
Koha item type Reference
Holdings
Lost status Source of classification or shelving scheme Damaged status Not for loan Collection code Permanent Location Current Location Shelving location Date acquired Source of acquisition Total Checkouts Full call number Date last seen Copy number Koha item type
  Dewey Decimal Classification   Not For Loan Reference Central Library, University of Rajshahi Central Library, University of Rajshahi   12/11/1992 Canada, Bangladesh-canada Association of Calgary   R 016.304667 DOA 1970 18/11/2013 C-1 Reference